00335nam a2200133Ia 4500008004100000041000800041082001600049100001600065245005200081260002900133300000800162365001600170700001500186230718s9999 xx 000 0 und d aeng a155.25bBRA aBrahmane.P. aKnow Your Personality And Make Your Psychograph c2003bPersonality School a202 cRs.b300.00 aBrahmane P